000 00543nam a2200181Ia 4500
008 100920s9999 xx 000 0 und d
082 _b95191
_a891.463.1 न 05
100 _aबोराडे रा. रं.
245 _aवानवळा.
260 _bप्रतिभास प्रकाशन, परभणी.
_c2005
300 _a131
_bसाधी
365 _b110
520 _aलघुकथा.
630 _aवानवळा.
650 _aलघुकथा.
730 _aवानवळा.
942 _cBOOK
999 _c735633
_d735630